00353nam a22001337a 450000500170000000800410001702000180005808200170007610000140009324500390010726000510014630000120019765000100020920250325034002.0250325b |||||||| |||| 00| 0 eng d a9789553078940 222a894bAAT aMemonkavi aAathikalin Poothaikulikalilirunthu aColombobS. Godage & Brothers ( Pvt) Ltdc2017 a128 p., apoems